000 01216nam a2200241 a 4500
001 38504
003 BD-RjUL
005 20211209052817.0
008 151221s1918 ii ||||| |||| 001 0 ben d
035 _a(BD-RjUL)38609
040 _aBD-RjUL
_bben
_cBD-RjUL
_dBD-RjUL
041 _aben
082 _223
_a891.44108
_bSRI 1918
245 _aশ্রীশ্রীপদকল্পতরু /
_cশ্রীসতীশচন্দ্র রায় এম এ সম্পাদিত
_nদ্বিতীয় খন্ড (তৃতীয় শাখা)
260 _aকলিকাতা :
_bবঙ্গীয় সাহিত্য পরিষৎ মন্দির,
_c১৯১৮
300 _a১৩, ৪৫৬ পৃ. ;
_c২৫ সেমি.
490 _aসাহিত্য পরিষদ্ গ্রন্থাবলী সং
_v৫০
500 _aশব্দকোষ সংযুক্ত ।
650 _aবৈষ্ণব
_vবাংলা সাহিত্য
_xপ্রার্থনা ও নিষ্ঠা
_9118880
650 _aVaishnavism
_vBengali
_xPrayers and devotions
_9118881
700 _aরায়, সতীশচন্দ্র
_9118882
942 _2ddc
_cBK
_04
999 _c38504
_d38504